| 000 | 01348nam a2200337 i 4500 | ||
|---|---|---|---|
| 003 | EG-GICUC | ||
| 005 | 20260310100515.0 | ||
| 008 | 260310s2009 ua ||||gr|||| 00| 0 ara d | ||
| 017 | _a2009/2924 | ||
| 020 | _a978-977-04-5941-2 | ||
| 040 |
_a EG-GICUC _bara _c EG-GICUC _d EG-GICUC _erda |
||
| 041 | 0 | _aara | |
| 082 | 0 | 4 |
_221 _a345.42 _bص ل . ر |
| 092 | 0 | 4 | _221 |
| 099 | _aLaw1 07 345.42 ص ل . ر 2009 | ||
| 100 | 0 |
_aصلاح احمد السيد جوده _eمؤلف. |
|
| 245 | 1 | 0 |
_aرقابة مجلس الدولة علي إجراءات و طرق التعيين في الوظائف العامة بين النظرية و التطبيق : _bدراسة مقارنة ، _nالكتاب الثاني / _cدكتور صلاح احمد السيد جوده. |
| 264 | 1 |
_aالقاهرة : _bدار النهضة العربية، _c2009. |
|
| 300 |
_a220 صفحة ؛ _c24 سم |
||
| 336 |
_2rda content _atext |
||
| 337 |
_2rda media _aComputer |
||
| 338 |
_2rda carrier _aOnline Resource |
||
| 504 | _a. 220-213ببليوجرافيا: صفحات. | ||
| 546 | _aالنص باللغة العربية | ||
| 650 | 1 |
_aالقانون الإداري _2qrmak |
|
| 650 | 1 | _aطرق اختيار الموظف العام | |
| 651 | 1 | _2qrmak | |
| 856 | 4 | 0 | _uhttps://fll.law.cu.edu.eg/fulltext/bks/B07-04114.pdf |
| 905 | _a74 | ||
| 942 |
_2ddc _n0 _cBK _e21 |
||
| 999 |
_c65945 _d65945 |
||